<?xml version="1.0" encoding="UTF-8"?>
<record
    xmlns:xsi="http://www.w3.org/2001/XMLSchema-instance"
    xsi:schemaLocation="http://www.loc.gov/MARC21/slim http://www.loc.gov/standards/marcxml/schema/MARC21slim.xsd"
    xmlns="http://www.loc.gov/MARC21/slim">

  <leader>02499nam a2200253 i 4500</leader>
  <controlfield tag="003">DO-SdBNP</controlfield>
  <controlfield tag="005">20250730140130.0</controlfield>
  <controlfield tag="007">ta</controlfield>
  <controlfield tag="008">250730s1966    mx            000 0 spa d</controlfield>
  <datafield tag="040" ind1=" " ind2=" ">
    <subfield code="a">DO-SdBNP</subfield>
    <subfield code="b">spa</subfield>
    <subfield code="c">BNPHU</subfield>
    <subfield code="e">rda</subfield>
  </datafield>
  <datafield tag="041" ind1=" " ind2=" ">
    <subfield code="a">spa</subfield>
  </datafield>
  <datafield tag="082" ind1=" " ind2=" ">
    <subfield code="a">xxx</subfield>
    <subfield code="b">I62</subfield>
    <subfield code="2">22</subfield>
  </datafield>
  <datafield tag="245" ind1="0" ind2="0">
    <subfield code="a">Investigaci&#xF3;n sociol&#xF3;gica y vida rural en Am&#xE9;rica Central, M&#xE9;xico y la Regi&#xF3;n del Caribe: </subfield>
    <subfield code="b">actas del Seminario organizado por la Unesco en cooperaci&#xF3;n con la Comisi&#xF3;n Econ&#xF3;mica de las Naciones Unidas para Am&#xE9;rica Latina (M&#xE9;xico D.F., 17-27 de octubre de 1962) /</subfield>
    <subfield code="c">edici&#xF3;n, Egbert de Vries, P. Gonz&#xE1;lez Casanova</subfield>
  </datafield>
  <datafield tag="264" ind1=" " ind2=" ">
    <subfield code="a">M&#xE9;xico  :</subfield>
    <subfield code="b">Unesco,</subfield>
    <subfield code="c">1966.</subfield>
  </datafield>
  <datafield tag="300" ind1=" " ind2=" ">
    <subfield code="a">269 p&#xE1;ginas ;</subfield>
    <subfield code="c">21 cm.</subfield>
  </datafield>
  <datafield tag="336" ind1=" " ind2=" ">
    <subfield code="a">texto</subfield>
    <subfield code="b">txt</subfield>
    <subfield code="2">rdacontent</subfield>
  </datafield>
  <datafield tag="337" ind1=" " ind2=" ">
    <subfield code="a">sin mediaci&#xF3;n</subfield>
    <subfield code="b">n</subfield>
    <subfield code="2">rdamedia</subfield>
  </datafield>
  <datafield tag="338" ind1=" " ind2=" ">
    <subfield code="a">volumen</subfield>
    <subfield code="b">nc</subfield>
    <subfield code="2">rdacarrier</subfield>
  </datafield>
  <datafield tag="500" ind1=" " ind2=" ">
    <subfield code="a">Lista de participantes. </subfield>
  </datafield>
  <datafield tag="520" ind1=" " ind2=" ">
    <subfield code="a">El texto aborda la investigaci&#xF3;n sociol&#xF3;gica y la vida rural en Am&#xE9;rica Central, M&#xE9;xico y la regi&#xF3;n del Caribe, centr&#xE1;ndose en las din&#xE1;micas sociales, econ&#xF3;micas y culturales que configuran las comunidades rurales de estas &#xE1;reas. Se discutieron temas como la migraci&#xF3;n interna y externa, la transformaci&#xF3;n de las estructuras agrarias, la influencia de las pol&#xED;ticas p&#xFA;blicas en el desarrollo rural y la preservaci&#xF3;n de las identidades culturales en un contexto de modernizaci&#xF3;n y globalizaci&#xF3;n. Los participantes analizaron c&#xF3;mo las comunidades rurales enfrentan desaf&#xED;os relacionados con la pobreza, el acceso limitado a servicios b&#xE1;sicos y la necesidad de diversificar sus econom&#xED;as para mejorar su calidad de vida. Se enfatiz&#xF3; la importancia de la participaci&#xF3;n comunitaria y el fortalecimiento de las organizaciones locales como mecanismos para promover el desarrollo sostenible y equitativo en las zonas rurales. Adem&#xE1;s, se destac&#xF3; la relevancia de la investigaci&#xF3;n sociol&#xF3;gica para comprender las particularidades de estas comunidades y dise&#xF1;ar pol&#xED;ticas que respondan a sus necesidades espec&#xED;ficas, reconociendo la diversidad cultural y social que caracteriza a la regi&#xF3;n. El seminario concluy&#xF3; con recomendaciones orientadas a fomentar la colaboraci&#xF3;n entre instituciones acad&#xE9;micas, organizaciones no gubernamentales y entidades gubernamentales para impulsar proyectos de investigaci&#xF3;n y desarrollo que contribuyan al bienestar de las poblaciones rurales en Am&#xE9;rica Central, M&#xE9;xico y el Caribe.RAR</subfield>
  </datafield>
  <datafield tag="590" ind1=" " ind2=" ">
    <subfield code="a">Inventariado, 2025/ YL</subfield>
  </datafield>
  <datafield tag="910" ind1=" " ind2=" ">
    <subfield code="a">Ylockward</subfield>
  </datafield>
  <datafield tag="942" ind1=" " ind2=" ">
    <subfield code="2">ddc</subfield>
    <subfield code="c">LBS1</subfield>
  </datafield>
  <datafield tag="952" ind1=" " ind2=" ">
    <subfield code="0">0</subfield>
    <subfield code="1">0</subfield>
    <subfield code="2">ddc</subfield>
    <subfield code="5">6</subfield>
    <subfield code="7">0</subfield>
    <subfield code="8">GR</subfield>
    <subfield code="a">BNPHU</subfield>
    <subfield code="b">BNPHU</subfield>
    <subfield code="c">CT</subfield>
    <subfield code="d">2023-09-26</subfield>
    <subfield code="e">Donado por Bienvenido Brito</subfield>
    <subfield code="l">0</subfield>
    <subfield code="o">BNPHU PD xxx I62</subfield>
    <subfield code="p">2025-7604</subfield>
    <subfield code="r">2025-07-30</subfield>
    <subfield code="w">2025-07-30</subfield>
    <subfield code="y">LBS1</subfield>
  </datafield>
  <datafield tag="999" ind1=" " ind2=" ">
    <subfield code="c">59685</subfield>
    <subfield code="d">59685</subfield>
  </datafield>
</record>
